Mission accomplished : (Record no. 122042)
[ view plain ]
| 000 -LEADER | |
|---|---|
| fixed length control field | 00666cam a22002295i 4500 |
| 001 - CONTROL NUMBER | |
| control field | 18225798 |
| 003 - CONTROL NUMBER IDENTIFIER | |
| control field | ARRUPE |
| 005 - DATE AND TIME OF LATEST TRANSACTION | |
| control field | 20150217110750.0 |
| 008 - FIXED-LENGTH DATA ELEMENTS--GENERAL INFORMATION | |
| fixed length control field | 140715s2013 rh a 000 0 eng |
| 010 ## - LIBRARY OF CONGRESS CONTROL NUMBER | |
| LC control number | 2013439334 |
| 020 ## - INTERNATIONAL STANDARD BOOK NUMBER | |
| International Standard Book Number | 9780797454453 |
| 040 ## - CATALOGING SOURCE | |
| Original cataloging agency | DLC |
| Language of cataloging | eng |
| Transcribing agency | DLC |
| Description conventions | rda |
| 042 ## - AUTHENTICATION CODE | |
| Authentication code | lcode |
| 050 ## - LIBRARY OF CONGRESS CALL NUMBER | |
| Classification number | BX1682.Z5D262 |
| Item number | A3 |
| 300 ## - PHYSICAL DESCRIPTION | |
| Dimensions | 22 cm |
| 100 1# - MAIN ENTRY--PERSONAL NAME | |
| Personal name | Davis, J.F. |
| 9 (RLIN) | 15120 |
| 245 10 - TITLE STATEMENT | |
| Title | Mission accomplished : |
| Remainder of title | Dr. Davis' life work in Zimbabwe : an autobiography / |
| Statement of responsibility, etc | J.F. Davis. |
| 260 ## - PUBLICATION, DISTRIBUTION, ETC. (IMPRINT) | |
| Place of publication, distribution, etc | Bulawayo |
| Name of publisher, distributor, etc | ILIZWI |
| Date of publication, distribution, etc | 2013 |
| 300 ## - PHYSICAL DESCRIPTION | |
| Extent | 80 pages ; |
| 906 ## - LOCAL DATA ELEMENT F, LDF (RLIN) | |
| a | 0 |
| b | ibc |
| c | origode |
| d | 2 |
| e | ncip |
| f | 20 |
| g | y-gencatlg |
| 942 ## - ADDED ENTRY ELEMENTS (KOHA) | |
| Source of classification or shelving scheme | Library of Congress Classification |
| Koha item type | Monograph ( Printed materials) |
No items available.